Royal academy illustrated 1988 : (Record no. 11653)

MARC details
000 -LEADER
fixed length control field 00476nam a2200169Ia 4500
003 - CONTROL NUMBER IDENTIFIER
control field OSt
005 - DATE AND TIME OF LATEST TRANSACTION
control field 20241021134100.0
008 - FIXED-LENGTH DATA ELEMENTS--GENERAL INFORMATION
fixed length control field 230312s9999||||xx |||||||||||||| ||und||
040 ## - CATALOGING SOURCE
Original cataloging agency ABC
082 ## - DEWEY DECIMAL CLASSIFICATION NUMBER
Classification number 720.19
Item number ADA-R
100 ## - MAIN ENTRY--PERSONAL NAME
Personal name Adams Norman
245 #0 - TITLE STATEMENT
Title Royal academy illustrated 1988 :
Remainder of title a souvenir of the 220th summer Exhibition /
Statement of responsibility, etc. by Bernard Dunstan RA (Editor)
260 ## - PUBLICATION, DISTRIBUTION, ETC.
Name of publisher, distributor, etc. Royal academy :
Place of publication, distribution, etc. UK ;
Date of publication, distribution, etc. 1988 .
300 ## - PHYSICAL DESCRIPTION
Extent 94
650 ## - SUBJECT ADDED ENTRY--TOPICAL TERM
Topical term or geographic name entry element Architecture
942 ## - ADDED ENTRY ELEMENTS (KOHA)
Koha item type BOOK
Source of classification or shelving scheme Dewey Decimal Classification
Holdings
Withdrawn status Lost status Source of classification or shelving scheme Damaged status Not for loan Home library Current library Date acquired Total Checkouts Full call number Barcode Date last seen Price effective from Koha item type
    Dewey Decimal Classification     Superior Information Resource Center (SIRC) Superior University- Main Campus Superior Information Resource Center (SIRC) Superior University- Main Campus 03/13/2023   720.19 ADA-R 11783 03/13/2023 03/13/2023 BOOK

Powered by Koha